000 00629nam a2200229Ia 4500
003 OSt
005 20220926042634.0
006 a|||||r|||| 00| 0
007 ta
008 220923b |||||||| |||| 00| 0 eng d
037 _cGeneral Book
040 _aRTL
_cRTL
_beng
041 _2eng
_aeng
082 _aX9(F182).58.N5, J6
100 _aClark M Gardner
_9130497
245 0 _aEconomics of soviet street
260 _c1956
490 _aRussian Research Center Stuies ,25
650 _aIron and Steel Industry
942 _hX9(F182).58.N5, J6
_cGB
_2CC
999 _c670243
_d670243